| 000 -LEADER |
| fixed length control field |
00608cam a2200157 a 4500 |
| 040 ## - CATALOGING SOURCE |
| Transcribing agency |
DLC |
| 082 ## - DEWEY DECIMAL CLASSIFICATION NUMBER |
| Classification number |
333 ENV 1996 A069 Or. |
| 245 00 - TITLE STATEMENT |
| Title |
1996 summary of GIS resources in Bangladesh / |
| 260 ## - PUBLICATION, DISTRIBUTION, ETC. (IMPRINT) |
| Place of publication |
[Dhaka] : |
| Name of publisher |
Environment and GIS Support Project for Water Sector Planning, |
| Year of publication |
1996. |
| 300 ## - PHYSICAL DESCRIPTION |
| Number of Pages |
iii, 57 leaves ; |
| Dimensions |
31 cm. |
| 500 ## - GENERAL NOTE |
| General note |
"Sponsored by the Royal Netherlands Government, Delft Hydraulics." |
| 650 #0 - SUBJECT ADDED ENTRY--TOPICAL TERM |
| Topical Term |
Geographic information systems |
| 710 2# - ADDED ENTRY--CORPORATE NAME |
| Corporate name or jurisdiction name as entry element |
Water Resources Planning Organization (Bangladesh) |
| 710 2# - ADDED ENTRY--CORPORATE NAME |
| Corporate name or jurisdiction name as entry element |
Environment and GIS Support Project for Water Sector Planning. |
| 942 ## - ADDED ENTRY ELEMENTS (KOHA) |
| Koha item type |
សៀវភៅភាសាអង់គ្លេស |
| 952 ## - LOCATION AND ITEM INFORMATION (KOHA) |
| Withdrawn status [LOCAL, KOHA] |
0 |